000 00575nam a2200193Ia 4500
005 20260120124530.0
008 008 260114s9999 xx 000 0 eng d
020 _a9781785600937
037 _aEBOOK
040 _aCRL
_beng
_cCRL
041 _aeng
_2eng
084 _qCRL
245 0 _aChartering Capitalism: Organizing Markets, States, and Publics
260 _bEmerald Publishing
_c2015
700 _aEmily Erikson
_9907462
856 _uhttps://www.emerald.com/insight/publication/doi/10.1108/S0198-8719201529
942 _cEBOOK
999 _c1499296
_d1499296